Modern phonology

Furkejuvvon:
Bibliográfalaš dieđut
Váldodahkki: Sommerstein, Alan H.
Materiálatiipa: Girji
Giella:Undetermined
Almmustuhtton: Londres, Inglaterra Edward Arnold 1977
Fáttát:
Fáddágilkorat: Lasit fáddágilkoriid
Eai fáddágilkorat, Lasit vuosttaš fáddágilkora!

MARC

LEADER 00000nam a2200000Ia 4500
008 170316s9999 xx 000 0 und d
090 |a 410 S-19m 
100 |a Sommerstein, Alan H. 
245 |a Modern phonology 
260 |a Londres, Inglaterra 
260 |b Edward Arnold 
260 |c 1977 
300 |a 282 páginas 
650 |a LINGÜÍSTICA 
999 |c 18732  |d 18732 
040 |a cru BVZT 
942 |c 15 D  |h 410 S-19m  |2 z